000 00591nam a2200193Ia 4500
003 IN-BaIIA
008 211028s9999 xx 000 0 eng d
020 _a0-08-016893-0
040 _cIIA Library
080 _a52-64
_bPOM
100 _aPomraning, G. C.
_910426
245 4 _aThe equations of radiation hydrodynamics
_cG. C. Pomraning
260 _aOxford
_bPergamon Press
_c1973
300 _ax, 288p.
650 _aAstronomy and astrophysics thesaurus
650 _aHydrodynamics
_91514
650 _aRadiative transfer
_91568
942 _cBK
999 _c6007
_d6007